|
|
|
|
| LEADER |
03670nam a22005655i 4500 |
| 001 |
978-3-642-14379-3 |
| 003 |
DE-He213 |
| 005 |
20151204185148.0 |
| 007 |
cr nn 008mamaa |
| 008 |
100706s2010 gw | s |||| 0|eng d |
| 020 |
|
|
|a 9783642143793
|9 978-3-642-14379-3
|
| 024 |
7 |
|
|a 10.1007/978-3-642-14379-3
|2 doi
|
| 040 |
|
|
|d GrThAP
|
| 050 |
|
4 |
|a TK5105.5-5105.9
|
| 072 |
|
7 |
|a UKN
|2 bicssc
|
| 072 |
|
7 |
|a COM075000
|2 bisacsh
|
| 082 |
0 |
4 |
|a 004.6
|2 23
|
| 245 |
1 |
0 |
|a Critical Information Infrastructures Security
|h [electronic resource] :
|b 4th International Workshop, CRITIS 2009, Bonn, Germany, September 30 - October 2, 2009. Revised Papers /
|c edited by Erich Rome, Robin Bloomfield.
|
| 264 |
|
1 |
|a Berlin, Heidelberg :
|b Springer Berlin Heidelberg,
|c 2010.
|
| 300 |
|
|
|a XII, 213 p. 70 illus.
|b online resource.
|
| 336 |
|
|
|a text
|b txt
|2 rdacontent
|
| 337 |
|
|
|a computer
|b c
|2 rdamedia
|
| 338 |
|
|
|a online resource
|b cr
|2 rdacarrier
|
| 347 |
|
|
|a text file
|b PDF
|2 rda
|
| 490 |
1 |
|
|a Lecture Notes in Computer Science,
|x 0302-9743 ;
|v 6027
|
| 505 |
0 |
|
|a On Modelling of Inter-dependent Network Infrastructures by Extended Leontief Models -- Critical Infrastructure Protection in Brazil - Threat Identification and Analysis -- Development of Information Security-Focused Incident Prevention Measures for Critical Information Infrastructure in Japan -- Design of a Mobile Agent-Based Adaptive Communication Middleware for Federations of Critical Infrastructure Simulations -- An Alternate Topology Generator for Joint Study of Power Grids and Communication Networks -- Trouble Brewing: Using Observations of Invariant Behavior to Detect Malicious Agency in Distributed Control Systems -- Optimisation of Critical Infrastructure Protection: The SiVe Project on Airport Security -- Cyber-Critical Infrastructure Protection Using Real-Time Payload-Based Anomaly Detection -- Decision Aid Tool and Ontology-Based Reasoning for Critical Infrastructure Vulnerabilities and Threats Analysis -- Application Filters for TCP/IP Industrial Automation Protocols -- Web Browser Security Update Effectiveness -- State-Based Network Intrusion Detection Systems for SCADA Protocols: A Proof of Concept -- Towards Early Warning Systems – Challenges, Technologies and Architecture -- CII Protection - Lessons for Developing Countries: South Africa as a Case Study -- Energy Theft in the Advanced Metering Infrastructure -- Current Capabilities, Requirements and a Proposed Strategy for Interdependency Analysis in the UK -- Stochastic Modelling of the Effects of Interdependencies between Critical Infrastructure.
|
| 650 |
|
0 |
|a Computer science.
|
| 650 |
|
0 |
|a Computer software
|x Reusability.
|
| 650 |
|
0 |
|a Computer communication systems.
|
| 650 |
|
0 |
|a Special purpose computers.
|
| 650 |
|
0 |
|a Data encryption (Computer science).
|
| 650 |
|
0 |
|a Computers.
|
| 650 |
|
0 |
|a Management information systems.
|
| 650 |
1 |
4 |
|a Computer Science.
|
| 650 |
2 |
4 |
|a Computer Communication Networks.
|
| 650 |
2 |
4 |
|a Performance and Reliability.
|
| 650 |
2 |
4 |
|a Theory of Computation.
|
| 650 |
2 |
4 |
|a Management of Computing and Information Systems.
|
| 650 |
2 |
4 |
|a Data Encryption.
|
| 650 |
2 |
4 |
|a Special Purpose and Application-Based Systems.
|
| 700 |
1 |
|
|a Rome, Erich.
|e editor.
|
| 700 |
1 |
|
|a Bloomfield, Robin.
|e editor.
|
| 710 |
2 |
|
|a SpringerLink (Online service)
|
| 773 |
0 |
|
|t Springer eBooks
|
| 776 |
0 |
8 |
|i Printed edition:
|z 9783642143786
|
| 830 |
|
0 |
|a Lecture Notes in Computer Science,
|x 0302-9743 ;
|v 6027
|
| 856 |
4 |
0 |
|u http://dx.doi.org/10.1007/978-3-642-14379-3
|z Full Text via HEAL-Link
|
| 912 |
|
|
|a ZDB-2-SCS
|
| 912 |
|
|
|a ZDB-2-LNC
|
| 950 |
|
|
|a Computer Science (Springer-11645)
|